| 000 | 00424nam a22000857a 4500 | ||
|---|---|---|---|
| 008 | 211202b ||||| |||| 00| 0 eng d | ||
| 100 | _aKohler, Heinrich | ||
| 245 | _aGerman States - Shield Issues | ||
| 650 | _aBaden | Bergedorf | Braunschweig | Bremen | Hamburg | Hannover | Lubeck | Mecklenburg-Schwerin | Mecklenburg - Strelitz | Oldenburg | Preufsen | Sachsen | Schleswig-Holstein | Thurn & Travis | Wurttemberg | Deutsches Reich | ||
| 999 |
_c3219 _d3219 |
||